ბათუმის შოთა რუსთაველის სახელმწიფო უნივერსიტეტის ბიბლიოთეკა

საქართველოს კონსტიტუციის კომენტარები : ადამიანის ძირითადი უფლებანი და თავისუფლებანი / (ბიბ.ჩანაწერი № 59376)

000 -ლიდერი
ფიქსირებული სიგრძის საკონტროლო ველი 01590nam a22002417a 4500
003 - საკონტროლო ნომრის იდენტიფიკატორი
საკონტროლო ველი Ge_BSU
005 - ბოლო ოპერაციის თარიღი და დრო
საკონტროლო ველი 20230201113154.0
008 - ფიქსირებული სიგრძის მონაცემთა ელემენტები - ზოგადი ინფორმაცია
ფიქსირებული სიგრძის საკონტროლო ველი 230201s2005 ge ||||| |||| 00| 0 geo d
020 ## - წიგნის საერთაშორისო სტანდარტული ნომერი
International Standard Book Number 9994046047
041 ## - ენის კოდი
Language code of text/sound track or separate title geo
080 ## - უნივერსალური ათობითი კლასიფიკაციის ინდექსი
Universal Decimal Classification number 342.4(479.22)(094.5.072) ს-32
245 ## - ცნობა სათაურის შესახებ
Title საქართველოს კონსტიტუციის კომენტარები : ადამიანის ძირითადი უფლებანი და თავისუფლებანი /
Statement of responsibility, etc ლევან იზორია, კონსტანტინე კორკელია, კონსტანტინე კუბლაშვილი, გიორგი ხუბუა ; საქ. მეცნ. აკად., სახელმწიფოსა და სამართლის ინ-ტი.
264 ## - წარმოების, გამოცემის, დისტრიბუციის და სხვა ცნობები
გამოცემის, წარმოების, დისტრიბუციის... ადგილი თბილისი :
გამოცემის, წარმოების, დისტრიბუციის... სახელწოდება მერიდიანი,
გამოცემის, წარმოების, დისტრიბუციის... თარიღი 2005.
300 ## - ფიზიკური აღწერა
Extent 426 გვ. ;
Other physical details 26 სმ.
504 ## - BIBLIOGRAPHY, ETC. NOTE
Bibliography, etc ბიბლიოგრ. ტექსტ. შენიშვნ.
653 ## - INDEX TERM--UNCONTROLLED
Uncontrolled term საქართველოს კონსტიტუციის კომენტარები.
653 ## - INDEX TERM--UNCONTROLLED
Uncontrolled term სამართალი
700 ## - ADDED ENTRY--PERSONAL NAME
Personal name იზორია, ლევან
Relator term ავტორი.
9 (RLIN) 7856
700 ## - ADDED ENTRY--PERSONAL NAME
Personal name კორკელია, კონსტანტინე
Relator term ავტორი
9 (RLIN) 539
700 ## - ADDED ENTRY--PERSONAL NAME
Personal name კუბლაშვილი, კონსტანტინე
Relator term ავტორი
9 (RLIN) 197
700 ## - ADDED ENTRY--PERSONAL NAME
Personal name ხუბუა, გიორგი
Relator term ავტორი
9 (RLIN) 16839
942 ## - ADDED ENTRY ELEMENTS (KOHA)
Source of classification or shelving scheme
Koha item type წიგნი
ეგზემპლარები
ჩამოწერის სტატუსი დაკარგული ეგზემპლარის სტატუსი კლასიფიკაციის წყარო ან თაროზე გაწყობის სქემა დაზიანების სტატუსი არ გაიცემა მუდმივი მდებარეობა (დაცვის ადგილი) ამჟამინდელი ადგილსამყოფელი თაროზე განთავსების ადგილი შეძენის თარიღი ღირებულება, შესყიდვის ნორმალური ფასი სრული შენახვის შიფრი შტრიხკოდი ბოლო ოპერაციის თარიღი ეგზემპლარის მიმდევრობითი ნომერი (კეტერი?) ფასის ძალაში შესვლის თარიღი ეგზემპლარის სახეობა საჯარო შენიშვნა
          ბათუმის შოთა რუსთაველის სახელმწიფო უნივერსიტეტის მთავარი ბიბლიოთეკა ბათუმის შოთა რუსთაველის სახელმწიფო უნივერსიტეტის მთავარი ბიბლიოთეკა წიგნსაცავი 2023-02-01 12.00 342.4(479.22)(094.5.072) ს-32 63630 2023-02-01 63630 2023-02-01 წიგნი 12 ლ.
          ბათუმის შოთა რუსთაველის სახელმწიფო უნივერსიტეტის მთავარი ბიბლიოთეკა ბათუმის შოთა რუსთაველის სახელმწიფო უნივერსიტეტის მთავარი ბიბლიოთეკა წიგნსაცავი 2023-02-10 12.00 342.4(479.22)(094.5.072) ს-32 63749 2023-02-10 63749 2023-02-10 წიგნი 12.00